| 000 | 00000nam##2200000za#4500 |
| 001 | 9.681458 |
| 003 | CaOODSP |
| 005 | 20210615132430 |
| 007 | ta |
| 008 | 150407|2001||||xxc||||| f|0| 0 fre|d |
| 020 | |a0-662-85661-9 |
| 040 | |aCaOODSP|bfre |
| 043 | |an-cn--- |
| 086 | 1 |aR2-145/2001F |
| 110 | 1 |aCanada.|bAffaires indiennes et du Nord. |
| 245 | 10|aLes anciens combattants autochtones : |bune histoire d'honneur et d'héroïsme |
| 260 | |aOttawa - Ontario : |bAffaires indiennes et du Nord |c2000. |
| 300 | |a4p. : |bfigures ; |c28 cm. |
| 563 | |aDépliant |
| 590 | |a03-10|b2003-03-07 |
| 775 | 08|tAboriginal veterans : |w(CaOODSP)9.648096 |
| 776 | 0#|tLes anciens combattants autochtones : |w(CaOODSP)9.641891 |